<?xml version="1.0" encoding="UTF-8"?>
<record
    xmlns:xsi="http://www.w3.org/2001/XMLSchema-instance"
    xsi:schemaLocation="http://www.loc.gov/MARC21/slim http://www.loc.gov/standards/marcxml/schema/MARC21slim.xsd"
    xmlns="http://www.loc.gov/MARC21/slim">

  <leader>02649cam a2200265 a 4500</leader>
  <datafield tag="020" ind1=" " ind2=" ">
    <subfield code="a">9789251070475</subfield>
  </datafield>
  <datafield tag="020" ind1=" " ind2=" ">
    <subfield code="a">9251070474</subfield>
  </datafield>
  <datafield tag="040" ind1=" " ind2=" ">
    <subfield code="c">DLC</subfield>
  </datafield>
  <datafield tag="082" ind1=" " ind2=" ">
    <subfield code="a">690 FOO 2011 A051 Or.</subfield>
  </datafield>
  <datafield tag="245" ind1="0" ind2="0">
    <subfield code="a">Rural structures in the tropics :</subfield>
    <subfield code="b">design and development /</subfield>
  </datafield>
  <datafield tag="260" ind1=" " ind2=" ">
    <subfield code="a">Rome :</subfield>
    <subfield code="b">Food and Agriculture Organization of the United Nations,</subfield>
    <subfield code="c">2011.</subfield>
  </datafield>
  <datafield tag="300" ind1=" " ind2=" ">
    <subfield code="a">xii, 481, [4] p. :</subfield>
    <subfield code="b">ill., maps ;</subfield>
    <subfield code="c">30 cm.</subfield>
  </datafield>
  <datafield tag="500" ind1=" " ind2=" ">
    <subfield code="a">"CTA"--Cover.</subfield>
  </datafield>
  <datafield tag="500" ind1=" " ind2=" ">
    <subfield code="a">"Based on the FAO publication Farm structures in tropical climates"--P. xi.</subfield>
  </datafield>
  <datafield tag="520" ind1=" " ind2=" ">
    <subfield code="a">"This book is an effort by FAO to compile an up-to-date, comprehensive text on rural structures and services in the tropics, focusing on structures for small- to medium-scale farms and, to some extent, village-scale agricultural infrastructure.  The earlier edition, entitled Farm structures in tropical climates: a textbook for structural engineering and design, published in 1986, has been used for over two decades as a standard textbook for teaching undergraduate and postgraduate courses on rural structures and services in universities throughout sub-Saharan Africa. This second edition will help to improve teaching - at all educational levels - on the subject of rural buildings in developing countries in the tropics and it will assist professionals currently engaged in providing technical advice on rural structures and services, from either agricultural extension departments or non-governmental rural development organizations. This book will also provide technical guidance in the context of disaster recovery and rehabilitation, for rebuilding the sound rural structures and related services that are key to development and economic sustainability. While this book is intended primarily for teaching university - and college-level agricultural engineering students about rural structures and services, resources might be made available to produced textbooks based on this material for teaching at other educational levels. Although parts of the background material relate specifically to East and Southeast Africa, the book's principles apply to the whole of tropical Africa, Latin America and South Asia because, while building traditions may vary, the available materials are similar"--P. [4] of cover.</subfield>
  </datafield>
  <datafield tag="650" ind1=" " ind2="0">
    <subfield code="a">Farm buildings</subfield>
  </datafield>
  <datafield tag="650" ind1=" " ind2="0">
    <subfield code="a">Farm buildings</subfield>
  </datafield>
  <datafield tag="650" ind1=" " ind2="0">
    <subfield code="a">Farm layout</subfield>
  </datafield>
  <datafield tag="650" ind1=" " ind2="0">
    <subfield code="a">Farm layout</subfield>
  </datafield>
  <datafield tag="700" ind1="1" ind2=" ">
    <subfield code="a">Mrema, Geoffrey C.</subfield>
  </datafield>
  <datafield tag="710" ind1="2" ind2=" ">
    <subfield code="a">Food and Agriculture Organization of the United Nations.</subfield>
  </datafield>
  <datafield tag="710" ind1="2" ind2=" ">
    <subfield code="a">Technical Centre for Agricultural and Rural Cooperation (Ede, Netherlands)</subfield>
  </datafield>
  <datafield tag="856" ind1="4" ind2="1">
    <subfield code="u">http://www.fao.org/docrep/015/i2433e/i2433e.pdf</subfield>
  </datafield>
  <datafield tag="942" ind1=" " ind2=" ">
    <subfield code="c">EK</subfield>
  </datafield>
  <datafield tag="999" ind1=" " ind2=" ">
    <subfield code="c">14527</subfield>
    <subfield code="d">14527</subfield>
  </datafield>
  <datafield tag="952" ind1=" " ind2=" ">
    <subfield code="0">0</subfield>
    <subfield code="1">0</subfield>
    <subfield code="4">0</subfield>
    <subfield code="6">690_000000000000000_FOO_2011_A051_OR</subfield>
    <subfield code="7">0</subfield>
    <subfield code="9">66793</subfield>
    <subfield code="a">LBA</subfield>
    <subfield code="b">LBA</subfield>
    <subfield code="c">A051</subfield>
    <subfield code="d">2017-10-18</subfield>
    <subfield code="o">690 FOO 2011 A051 Or.</subfield>
    <subfield code="p">RUA055715</subfield>
    <subfield code="r">2017-10-18</subfield>
    <subfield code="w">2017-10-18</subfield>
    <subfield code="y">EK</subfield>
  </datafield>
</record>
